| 000 | 01494cab a2200193 4500 | ||
|---|---|---|---|
| 001 | ##L132370 | ||
| 008 | 060131n2006 000 0 eng u | ||
| 035 | _a(Sirsi) u132370 | ||
| 041 | 0 | _aeng | |
| 110 | 1 | _aMilton Keynes Partnership | |
| 245 | 0 | 0 |
_aTattenhoe Park _bsuper-flexible housing:discussion paper |
| 260 |
_aMilton Keynes _bMKP _c2006 |
||
| 520 | _aSuper-flexible housing is an innovative feature in Milton Keynes's draft Tattenhoe Park masterplan, where up to 30% of all the proposed dwellings will be designed as super-flexible homes. Super-flexible homes will accommodate changing family circumstances or lifestyle changes over time and will obviate the need to move. Space in houses designed to super-flexible principles can be arranged and then potentially re-arranged to meet future requirements with less need for expensive refitting. The discussion paper describes what super-flexible housing is and considers best practice and policy The draft Tattenhoe Park masterplan, which is out for consultation, proposes a new neighbourhood of over 1 200 new homes with shops, community facilities, public open space and a new primary school. Responses to the consultation must be made by 2 February 2006. | ||
| 590 | _aIKA310106 | ||
| 690 | _aPROPERTY-RESIDENTIAL PROPERTY-RESIDENTIAL PROPERTY DEVELOPMENT | ||
| 710 | 2 |
_aEnglish Partnerships _91764 |
|
| 856 | 4 | 0 |
_uhttps://www.mkweb.co.uk/tattenhoepark/ _zView the discussion paper and masterplan at www.mkweb.co.uk... |
| 942 | _n0 | ||
| 999 |
_c76413 _d76413 |
||